00681nam a2200181 a 450000500170000000800410001702000180005805000190007610000170009524500860011226000540019830000170025244000340026950000540030365000120035799900190036995201110038820140412111309.0030415s19uu xx 00 eng d a1-896298-02-8 aERbDr657 1994 aHenry, Brian aDr. Jekyll & Mr. Hyde /cAdapted by Brian Henry ; illustrated by Susan Moshynski. aOntario, Canada :bTribute Publishing Inc,c1994. a32 p. ; ill. aThe Pagemaster Classic Series aAdapted from the noverl by Robert Louis Stevenson aFiction c103858d103858 00104050aELbELcERd2003-04-15eDonationl0oER Dr657 1994pE6021r2014-04-12 00:00:00w2014-04-12yBK